[Event "Oberliga Nord W 1011"]
[Site "Germany"]
[Date "2010.10.24"]
[Round "2.1"]
[White "Kroeze, Frank"]
[Black "Rehbein, Detlef"]
[Result "1-0"]
[WhiteElo "2422"]
[BlackElo "2275"]
[PlyCount "55"]
[EventDate "2010.10.10"]
[EventType "team-tourn"]
[EventRounds "9"]
[EventCountry "GER"]
[SourceTitle "EXT 2012"]
[Source "ChessBase"]
[SourceDate "2011.11.24"]
[SourceVersion "1"]
[SourceVersionDate "2011.11.24"]
[SourceQuality "1"]
[WhiteTeam "Nordhorn Blanke"]
[BlackTeam "Schinkel"]
[WhiteTeamCountry "GER"]
[BlackTeamCountry "GER"]

1. c4 g6 2. Nf3 Bg7 3. d4 d6 4. Nc3 Bg4 5. e3 e5 6. dxe5 dxe5 7. Qxd8+ Kxd8 8. Ng5 Nh6 9. Be2 Bf5 10. b3 f6 11. Nge4 Nf7 12. Ba3 Bxe4 13. Nxe4 f5 14. Nc5 Kc8 15. Ne6 Bf6 16. g4 Nc6 17. gxf5 gxf5 18. 0-0-0 Nfd8 19. Nxd8 Bxd8 20. Rhg1 a5 21. Bb2 Bh4 22. Rg7 Bxf2 23. Rdd7 Bxe3+ 24. Kb1 Ra7 25. Rxc7+ Kd8 26. Rgd7+ Ke8 27. Bh5+ Kf8 28. Rc8+ 1-0

[Event "BL2-Nord 9192"]
[Site "Germany"]
[Date "1992.??.??"]
[Round "?"]
[White "Rehbein, Detlef"]
[Black "Bornemann, Wolfram"]
[Result "1/2-1/2"]
[WhiteElo "2275"]
[BlackElo "2355"]
[PlyCount "109"]
[EventDate "1991.10.??"]
[EventType "team-tourn"]
[EventRounds "9"]
[EventCountry "GER"]
[SourceTitle "GER-chT2"]
[Source "ChessBase"]
[SourceDate "1999.07.01"]
[SourceVersion "1"]
[SourceVersionDate "1999.07.01"]
[SourceQuality "1"]

1. c4 g6 2. g3 Bg7 3. Bg2 d6 4. Nc3 e5 5. e4 Ne7 6. Nge2 Nbc6 7. d3 Nd4 8. Nxd4 exd4 9. Ne2 Nc6 10. h3 0-0 11. 0-0 Bd7 12. Rb1 a5 13. b3 f5 14. exf5 Bxf5 15. g4 Bd7 16. Ng3 Qh4 17. Ne4 h6 18. a3 Ne5 19. f4 Nc6 20. Bd2 Rae8 21. Be1 Qe7 22. b4 axb4 23. axb4 Nd8 24. Bg3 b5 25. Qd2 bxc4 26. dxc4 Bc6 27. Rbe1 Qd7 28. b5 Bb7 29. Qd3 Qf7 30. f5 Be5 31. Bxe5 dxe5 32. Qd2 g5 33. h4 Bxe4 34. Bxe4 Qf6 35. hxg5 hxg5 36. Kg2 Kg7 37. Rh1 Rh8 38. c5 Nf7 39. Rb1 Rxh1 40. Rxh1 Rh8 41. Rxh8 Kxh8 42. Qa5 d3 43. Bxd3 e4 44. Qa8+ Kg7 45. Qxe4 Qb2+ 46. Be2 Ne5 47. b6 cxb6 48. cxb6 Nc6 49. Qe6 Ne5 50. Qe7+ Kh6 51. Qd6+ Kh7 52. Qc7+ Kh6 53. Qd6+ Kh7 54. Qe7+ Kh6 55. Qd6+ 1/2-1/2